Vista normal
Vista MARC
Entrada Personal Name
Número de registros utilizados en: 3
001 - CONTROL NUMBER
- control field: 655
003 - CONTROL NUMBER IDENTIFIER
- control field: OSt
005 - DATE AND TIME OF LATEST TRANSACTION
- control field: 20110809125832.0
008 - FIXED-LENGTH DATA ELEMENTS
- fixed length control field: 110809|||a|||||| | ||| d
040 ## - CATALOGING SOURCE
- Original cataloging agency: OSt
- Transcribing agency: OSt
100 ## - HEADING--PERSONAL NAME
- Personal name: Ferrante, Adela.
670 ## - SOURCE DATA FOUND
- Source citation: Work cat.: (OSt)740: Galli, Amanda Coord. 653, Programa de Formación Docente Pedagógica : 2, El proceso de enseñanza y aprendizaje, 1991.